000 01128naa a22003017a 4500
001 BR5400087
003 BR-BrBNA
005 20240918181855.0
007 ta
008 230509b bl.||||| |||| 00| 0 por d
040 _aBR-BrBNA
_bpor
_cBiblioteca Nacional de Agricultura
041 _a(Pt)
072 _aL10
_b5212
_b514
090 _aL10 BR5400087
100 1 _aJordao, L.P.
100 1 _aCamargo, M.X. de
100 1 _aGouveia, P.F.
111 1 _a2. Congresso Panamericano de Medicina Veterinaria
_cSao Paulo, SP (Brazil)
_d3 Apr 1954
245 1 _aEficiencia reprodutiva de eguas de Coudelaria paulista, com especial referencia ao cio "post-pastum"
260 3 _aSao Paulo, SP (Brasil):
_c1954.
500 _aAnais do 2. Congresso Panamericano de Medicina Veterinaria Sao Paulo, SP (Brasil): 1954. p. 294-295 (BR5400087-AM)L10
650 _aEgua
650 _aEficiencia Reprodutiva
650 _aCiclo Estral
773 0 _tAnais do 2. Congresso Panamericano de Medicina Veterinaria
_wL10 BR5400087
_gSao Paulo, SP (Brasil), 1954. p. 294-295
909 _a202404
_bLucia
_c55
_dLucia Elande
942 _cAM
_2AGRIS
999 _c327285
_d327285